[Event "Nizhnij Novgorod U20"]
[Site "Nizhnij Novgorod"]
[Date "2012.02.16"]
[Round "?"]
[White "Valitov, Eldar"]
[Black "Mylnikov, Vasily"]
[Result "0-1"]
[WhiteElo "1709"]
[BlackElo "1763"]
[PlyCount "88"]
[EventDate "2012.02.10"]
[EventType "swiss"]
[EventRounds "7"]
[EventCountry "RUS"]
[SourceTitle "EXT 2022"]
[Source "ChessBase"]
[SourceDate "2021.10.06"]
[SourceVersion "1"]
[SourceVersionDate "2021.10.06"]
[SourceQuality "1"]

1. d4 d5 2. Nf3 Nf6 3. c4 c6 4. Nc3 e6 5. cxd5 exd5 6. Bg5 Be7 7. Qc2 0-0 8. e3 Bg4 9. Bd3 Nbd7 10. 0-0-0 Re8 11. h3 Bh5 12. g4 Bg6 13. Bf5 Ne4 14. Bxe7 Rxe7 15. Bxe4 Bxe4 16. Nxe4 Rxe4 17. Nd2 Re6 18. h4 Nf6 19. Rdg1 Ne4 20. f4 Qe8 21. f5 Re7 22. Nf3 Nd6 23. g5 Nc4 24. Ne5 Nxe5 25. f6 Re6 26. dxe5 Rxe5 27. fxg7 Rxe3 28. h5 Qe4 29. g6 Qxc2+ 30. Kxc2 h6 31. gxf7+ Kxf7 32. Rg6 Rg8 33. Rf1+ Ke7 34. Rxh6 Rxg7 35. Rh8 Rh3 36. Re1+ Kd6 37. a3 Rg2+ 38. Kb1 Rb3 39. Rh1 Rbxb2+ 40. Ka1 Ra2+ 41. Kb1 Rgb2+ 42. Kc1 Rh2 43. Rxh2 Rxh2 44. h6 Kc5 0-1

[Event "Nizhnij Novgorod U20"]
[Site "Nizhnij Novgorod"]
[Date "2012.02.15"]
[Round "?"]
[White "Mylnikov, Vasily"]
[Black "Goltsev, Sergey"]
[Result "0-1"]
[WhiteElo "1763"]
[BlackElo "1776"]
[PlyCount "62"]
[EventDate "2012.02.10"]
[EventType "swiss"]
[EventRounds "7"]
[EventCountry "RUS"]
[SourceTitle "EXT 2022"]
[Source "ChessBase"]
[SourceDate "2021.10.06"]
[SourceVersion "1"]
[SourceVersionDate "2021.10.06"]
[SourceQuality "1"]

1. Nf3 Nf6 2. b3 g6 3. Bb2 Bg7 4. e3 0-0 5. Be2 d6 6. d3 e5 7. 0-0 c5 8. a4 Nc6 9. Na3 Ne8 10. Nd2 f5 11. f4 g5 12. fxg5 Qxg5 13. Rf3 Be6 14. Rg3 Qe7 15. Qf1 Kh8 16. Re1 d5 17. Bd1 d4 18. Ndc4 Bf6 19. Rf3 Rg8 20. Kh1 dxe3 21. Rfxe3 f4 22. Rxe5 Nxe5 23. Bxe5 Bxe5 24. Rxe5 Nc7 25. Bf3 Raf8 26. Qe1 Qg7 27. Nb5 Bd5 28. Re7 Re8 29. Rxe8 Rxe8 30. Be4 Bxe4 31. dxe4 Rxe4 0-1

[Event "Nizhnij Novgorod U20"]
[Site "Nizhnij Novgorod"]
[Date "2012.02.14"]
[Round "?"]
[White "Yezerskaja, Anastasija"]
[Black "Mylnikov, Vasily"]
[Result "1/2-1/2"]
[WhiteElo "1564"]
[BlackElo "1763"]
[PlyCount "78"]
[EventDate "2012.02.10"]
[EventType "swiss"]
[EventRounds "7"]
[EventCountry "RUS"]
[SourceTitle "EXT 2022"]
[Source "ChessBase"]
[SourceDate "2021.10.06"]
[SourceVersion "1"]
[SourceVersionDate "2021.10.06"]
[SourceQuality "1"]

1. e4 c5 2. Nf3 Nc6 3. d4 cxd4 4. Nxd4 Nf6 5. Nc3 d6 6. Be2 g6 7. Be3 Bg7 8. f3 0-0 9. Nb3 Be6 10. Qd2 d5 11. Nxd5 Nxd5 12. exd5 Qxd5 13. Qxd5 Bxd5 14. 0-0-0 Rfd8 15. Kb1 b6 16. Bb5 Ne5 17. Bd4 Bc4 18. Bxc4 Nxc4 19. c3 e5 20. Bf2 f5 21. Kc2 Kf8 22. Nd2 Nxd2 23. Rxd2 Rxd2+ 24. Kxd2 Rd8+ 25. Ke2 Bh6 26. Rd1 Rxd1 27. Kxd1 Kf7 28. a4 e4 29. fxe4 fxe4 30. Ke2 Ke6 31. a5 bxa5 32. Bxa7 Kd5 33. b3 Bf8 34. Bb6 Bd6 35. h3 a4 36. bxa4 Be5 37. Bd4 Bc7 38. Ke3 Bd8 39. g4 Bc7 1/2-1/2

[Event "Nizhnij Novgorod Cup of Nadezhda"]
[Site "Nizhnij Novgorod"]
[Date "2011.08.08"]
[Round "?"]
[White "Mylnikov, Vasily"]
[Black "Marsak, Viktor D"]
[Result "1/2-1/2"]
[WhiteElo "1738"]
[BlackElo "2002"]
[PlyCount "27"]
[EventDate "2011.08.08"]
[EventType "swiss"]
[EventRounds "8"]
[EventCountry "RUS"]
[SourceTitle "EXT 2022"]
[Source "ChessBase"]
[SourceDate "2021.10.06"]
[SourceVersion "1"]
[SourceVersionDate "2021.10.06"]
[SourceQuality "1"]

1. d4 Nf6 2. c4 Nc6 3. Nf3 e6 4. g3 Bb4+ 5. Nbd2 0-0 6. Bg2 Ne4 7. a3 Nxd2 8. Bxd2 Bxd2+ 9. Qxd2 Qf6 10. 0-0 d6 11. Rac1 e5 12. d5 Ne7 13. c5 Rd8 14. Rfd1 1/2-1/2

[Event "Nizhnij Novgorod op"]
[Site "Nizhnij Novgorod"]
[Date "2010.??.??"]
[Round "?"]
[White "Bodyagin, Anton"]
[Black "Mylnikov, Vasily"]
[Result "1/2-1/2"]
[WhiteElo "1826"]
[BlackElo "1725"]
[PlyCount "49"]
[EventDate "2010.10.02"]
[EventType "swiss"]
[EventRounds "9"]
[EventCountry "RUS"]
[SourceTitle "EXT 2011"]
[Source "ChessBase"]
[SourceDate "2010.11.26"]
[SourceVersion "1"]
[SourceVersionDate "2010.11.26"]
[SourceQuality "1"]

1. Nf3 d5 2. c4 c6 3. e3 Nf6 4. d4 e6 5. Bd3 Nbd7 6. 0-0 dxc4 7. Bxc4 b5 8. Bd3 a6 9. b3 Bb7 10. Bb2 Be7 11. Nbd2 c5 12. Rc1 cxd4 13. Nxd4 Nc5 14. Bb1 0-0 15. f4 Rc8 16. Qe2 Nce4 17. N2f3 Qa5 18. Ne5 Bc5 19. Nd3 Bd6 20. Rfd1 Rxc1 21. Rxc1 Rc8 22. Rxc8+ Bxc8 23. Qc2 Bb7 24. a3 h6 25. Qc1 1/2-1/2

[Event "Nizhnij Novgorod op"]
[Site "Nizhnij Novgorod"]
[Date "2010.??.??"]
[Round "?"]
[White "Maershina, Arina"]
[Black "Mylnikov, Vasily"]
[Result "0-1"]
[WhiteElo "1729"]
[BlackElo "1725"]
[PlyCount "92"]
[EventDate "2010.10.02"]
[EventType "swiss"]
[EventRounds "9"]
[EventCountry "RUS"]
[SourceTitle "EXT 2011"]
[Source "ChessBase"]
[SourceDate "2010.11.26"]
[SourceVersion "1"]
[SourceVersionDate "2010.11.26"]
[SourceQuality "1"]

1. e4 c5 2. Nf3 d6 3. c3 Nf6 4. Be2 Bg4 5. 0-0 e5 6. h3 Bh5 7. d3 Be7 8. Bg5 Nc6 9. Nh2 Bg6 10. c4 0-0 11. Nc3 a6 12. Nf3 Rb8 13. a4 Nd4 14. Bxf6 Bxf6 15. Rb1 Nc6 16. Qc2 Nb4 17. Qd1 Qa5 18. Nd2 Bg5 19. Nf3 Bd8 20. Ne1 Bg5 21. Nf3 Bh6 22. Ne1 f5 23. Bh5 Be8 24. Bxe8 Rbxe8 25. Nc2 Nc6 26. Ne3 g6 27. Ned5 Nb4 28. Ne3 Qd8 29. Ned5 a5 30. Nxb4 axb4 31. Nb5 Re6 32. b3 g5 33. Qh5 Rg6 34. Rbd1 Bg7 35. Qf3 g4 36. hxg4 fxg4 37. Qg3 h5 38. Rde1 Bh6 39. Qh2 Bg5 40. Qxh5 Rh6 41. Qxg4 Rf4 42. Qd1 Rfh4 43. g3 Rh2 44. Qg4 Qf6 45. Qc8+ Kg7 46. Qxb7+ Kg6 0-1

[Event "Nizhnij Novgorod op"]
[Site "Nizhnij Novgorod"]
[Date "2010.??.??"]
[Round "?"]
[White "Stepanushkin, Alexander"]
[Black "Mylnikov, Vasily"]
[Result "1-0"]
[WhiteElo "2029"]
[BlackElo "1725"]
[PlyCount "113"]
[EventDate "2010.10.02"]
[EventType "swiss"]
[EventRounds "9"]
[EventCountry "RUS"]
[SourceTitle "EXT 2011"]
[Source "ChessBase"]
[SourceDate "2010.11.26"]
[SourceVersion "1"]
[SourceVersionDate "2010.11.26"]
[SourceQuality "1"]

1. d4 Nf6 2. Bg5 Ne4 3. Bf4 d5 4. e3 Bf5 5. Bd3 e6 6. Qe2 c6 7. f3 Nf6 8. Nd2 Bxd3 9. Qxd3 Nbd7 10. e4 Be7 11. e5 Ng8 12. Ne2 c5 13. c4 dxc4 14. Nxc4 Nb6 15. 0-0 cxd4 16. Rfd1 Bc5 17. a3 Nxc4 18. Qxc4 Bb6 19. Kf1 Ne7 20. Bg5 Qc8 21. Qxc8+ Rxc8 22. Nxd4 Bxd4 23. Rxd4 Nd5 24. Rc1 Rxc1+ 25. Bxc1 Kd7 26. Ke2 Rc8 27. Kd1 Ke7 28. Bd2 Rd8 29. Ke2 Rd7 30. Rh4 h6 31. Rg4 Kf8 32. Rc4 Rd8 33. g3 Ke7 34. Ba5 b6 35. Be1 Kd7 36. Rg4 g6 37. Rc4 Rc8 38. Rxc8 Kxc8 39. Bd2 h5 40. g4 hxg4 41. fxg4 f5 42. exf6 Nxf6 43. Kf3 Kd7 44. Bf4 Kc6 45. h4 Kd5 46. Bg5 Ne4 47. Bh6 Nd6 48. Bg7 e5 49. h5 gxh5 50. gxh5 e4+ 51. Kf4 e3 52. Kxe3 Nf5+ 53. Kd3 Ke6 54. h6 Kf7 55. Ke4 Nxg7 56. hxg7 Kxg7 57. Kd5 1-0

[Event "Nizhnij Novgorod-ch 61st"]
[Site "Nizhnij Novgorod"]
[Date "2009.03.??"]
[Round "?"]
[White "Krashenov, Valery"]
[Black "Mylnikov, Vasily"]
[Result "1-0"]
[WhiteElo "1936"]
[BlackElo "1662"]
[PlyCount "153"]
[EventDate "2009.03.06"]
[EventType "swiss"]
[EventRounds "9"]
[EventCountry "RUS"]
[SourceTitle "EXT 2010"]
[Source "ChessBase"]
[SourceDate "2010.11.25"]
[SourceVersion "1"]
[SourceVersionDate "2010.11.25"]
[SourceQuality "1"]

1. Nf3 Nf6 2. g3 e6 3. Bg2 b6 4. b3 Bb7 5. Bb2 c5 6. 0-0 Be7 7. d3 0-0 8. e4 d5 9. e5 Nfd7 10. c3 Nc6 11. Re1 Qc7 12. d4 cxd4 13. cxd4 b5 14. Nc3 Qb6 15. Bf1 a6 16. Rc1 f6 17. exf6 Rxf6 18. a3 Raf8 19. Bg2 b4 20. Na4 Qa5 21. axb4 Bxb4 22. Bc3 Bxc3 23. Rxc3 Nb6 24. Rce3 Nxa4 25. bxa4 Bc8 26. Rf1 Qc7 27. Rc3 Qd6 28. Qc2 Nb4 29. Qb1 h6 30. a5 Bd7 31. Rd1 Bb5 32. Rd2 Nc6 33. Ne1 Nxa5 34. Rf3 Nc4 35. Rxf6 Nxd2 36. Rxf8+ Kxf8 37. Qc1 Nc4 38. Nd3 a5 39. Nc5 a4 40. Qb1 Bd7 41. Bf1 Kf7 42. Qb7 Ke7 43. Nxa4 Qc6 44. Qb4+ Qd6 45. Nc5 Nb6 46. Bd3 Na4 47. Bc2 Nxc5 48. dxc5 Qc6 49. Qd4 Kf7 50. Qf4+ Ke7 51. Qh4+ Kf7 52. Qd8 Be8 53. Qa5 Qb5 54. Qa3 Bc6 55. Qe3 Qb2 56. Qf4+ Kg8 57. Bg6 Qb7 58. Qd6 Qc8 59. h4 Ba4 60. h5 Bc6 61. f4 Ba4 62. Kf2 Bd7 63. Qe7 Kh8 64. Ke3 Bc6 65. Kd4 Qb8 66. Qxe6 Qb4+ 67. Ke5 Qb8+ 68. Qd6 Qc8 69. Kd4 Qa8 70. Ke3 Qa3+ 71. Kf2 Qa2+ 72. Kg1 Qa1+ 73. Kh2 Qa2+ 74. Kh3 Qa8 75. Kh4 Qc8 76. f5 Qa8 77. f6 1-0

[Event "Nizhnij Novgorod-ch 61st"]
[Site "Nizhnij Novgorod"]
[Date "2009.03.??"]
[Round "?"]
[White "Pashkin, Viktor"]
[Black "Mylnikov, Vasily"]
[Result "0-1"]
[WhiteElo "1894"]
[BlackElo "1662"]
[PlyCount "58"]
[EventDate "2009.03.06"]
[EventType "swiss"]
[EventRounds "9"]
[EventCountry "RUS"]
[SourceTitle "EXT 2010"]
[Source "ChessBase"]
[SourceDate "2010.11.25"]
[SourceVersion "1"]
[SourceVersionDate "2010.11.25"]
[SourceQuality "1"]

1. b3 e5 2. Bb2 Nc6 3. e3 Nf6 4. Bb5 d6 5. Qf3 e4 6. Bxf6 exf3 7. Nxf3 Qxf6 8. Nc3 a6 9. Be2 Bg4 10. 0-0 Bxf3 11. Bxf3 0-0-0 12. b4 h5 13. b5 Ne5 14. Bd5 a5 15. f4 Nd7 16. Ne4 Qe7 17. Ng5 Nb6 18. Bxf7 d5 19. h4 Rd6 20. f5 Rf6 21. Be6+ Kb8 22. a4 Qe8 23. Kh1 Bd6 24. Rf3 g6 25. Raf1 gxf5 26. Bxf5 Rxf5 27. Rxf5 Rf8 28. Nf7 Rxf7 29. Rxf7 Qe5 0-1

[Event "Nizhnij Novgorod Region-ch op"]
[Site "Nizhnij Novgorod"]
[Date "2008.10.??"]
[Round "5"]
[White "Mylnikov, Vasily"]
[Black "Krashenov, Valery"]
[Result "0-1"]
[WhiteElo "1614"]
[BlackElo "1955"]
[PlyCount "82"]
[EventDate "2008.10.04"]
[EventType "swiss"]
[EventRounds "9"]
[EventCountry "RUS"]
[SourceTitle "EXT 2022"]
[Source "ChessBase"]
[SourceDate "2021.10.06"]
[SourceVersion "1"]
[SourceVersionDate "2021.10.06"]
[SourceQuality "1"]

1. d4 Nf6 2. c4 e6 3. Nf3 d5 4. Nc3 Be7 5. Bf4 a6 6. cxd5 Nxd5 7. Bg3 0-0 8. e4 Nxc3 9. bxc3 b5 10. Bd3 c5 11. 0-0 Bb7 12. Rc1 Nd7 13. Qe2 Re8 14. Rfd1 Qa5 15. Ne5 Nxe5 16. Bxe5 f6 17. Bg3 Rad8 18. Bb1 c4 19. Qe3 Rd7 20. Rc2 Red8 21. f4 Qb6 22. f5 exf5 23. exf5 Bd5 24. Bf2 Bd6 25. Re2 Qc7 26. Bg3 Bxg3 27. Qxg3 Qb7 28. Rde1 a5 29. a3 b4 30. axb4 axb4 31. cxb4 Qxb4 32. Be4 Bxe4 33. Rxe4 c3 34. Rc1 Rxd4 35. Qc7 Rd1+ 36. Re1 Qd4+ 37. Kf1 Rxc1 38. Rxc1 Qd3+ 39. Kf2 Qd2+ 40. Kf3 Rd3+ 41. Kg4 Qg5# 0-1

[Event "Nizhnij Novgorod Region-ch op"]
[Site "Nizhnij Novgorod"]
[Date "2008.10.??"]
[Round "3"]
[White "Mylnikov, Vasily"]
[Black "Simagin, Maxim"]
[Result "0-1"]
[WhiteElo "1614"]
[BlackElo "1991"]
[PlyCount "48"]
[EventDate "2008.10.04"]
[EventType "swiss"]
[EventRounds "9"]
[EventCountry "RUS"]
[SourceTitle "EXT 2022"]
[Source "ChessBase"]
[SourceDate "2021.10.06"]
[SourceVersion "1"]
[SourceVersionDate "2021.10.06"]
[SourceQuality "1"]

1. d4 e6 2. c4 f5 3. Nc3 Nf6 4. Nf3 Bb4 5. e3 b6 6. Bd3 Bb7 7. 0-0 0-0 8. Re1 d6 9. Nd2 Nbd7 10. e4 e5 11. a3 Bxc3 12. bxc3 f4 13. d5 g5 14. Be2 Nc5 15. Bg4 Qe7 16. Bb2 Bc8 17. Bxc8 Raxc8 18. Qc2 h5 19. Nf3 Nh7 20. Qe2 Qg7 21. g3 Qg6 22. gxf4 gxf4+ 23. Kh1 Qf6 24. Rg1+ Kh8 0-1